00421nam a22001457a 4500003000400000005001700004008004100021020001800062040000900080082002200089100002100111245008500132260004900217300000900266OSt20210310151703.0210310b ||||| |||| 00| 0 eng d a9780199450541 coclc a330.954025bMOO/E a Moosvi, Shireen aThe Economy Of The Mughal Empire :bC 1595 A Statistical Study /cShireen Moosvi aNew Delhi:bOxford University Press, c2015. a476p